00799nac a22002171u 4500010001600000020003400016082001800050090001500068100003400083245008200117260003700199300003000236500002600266504004100292511002600333650003800359700003100397942002000428999001500448952011800463 a 73178311 a0582441447a0582441455 (pbk.)00a620.0042bFUC c6491d6491 aFuchs, H. O. 10a10 cases in engineering design,cedited by H. O. Fuchs and R. F. Steidel, Jr. a[London]bLongman,[1973]c[1973] ax, 399 p.billus.c28 cm. adistributer: Al-Ahram aIncludes bibliographical references. acatalgoued by: wessam 0aEngineering designxCase studies.1 aSteidel, Robert F.,d1926- cBBk620.0042FUC c6491d6491 00104070aMAINbMAINc1STd2007-11-25ePurchasel1o620.0042FUCp000007211r2025-07-15 00:00:00s2009-09-17yBB